The electric michelangelo

Bibliographic Details
Main Author: Hall,Sarah
Format: Book
Published: London : Faber and Faber , 2004
Subjects:

MARC

LEADER 00000cam a2200000 7i4500
001 0000009590
005 20071001.0
008 071001
020 |a 0571219306 
090 0 0 |a HAL   |b ENG 
100 1 |a Hall,Sarah 
245 1 4 |a The electric michelangelo   |c Sarah Hall 
260 |a London :   |b Faber and Faber ,   |c 2004 
650 0 |a English fiction 
999 |a 0000995405   |b Book   |c Adult Collection   |e Perbadanan Perpustakaan Awam Johor 
999 |a 0000995406   |b Book   |c Adult Collection   |e Perbadanan Perpustakaan Awam Johor